000 01310nam a2200121Ia 4500
008 220620s9999||||xx |||||||||||||| ||und||
100 _aPolemio, Maurizio||Walraevens, Kristine
245 0 _aGroundwater Resources and Salt Water Intrusion in a Changing Environment
546 _aEnglish[eng]
650 _atide||artificial neural network||Gaza Strip||groundwater resources||seawater intrusion||nutrient discharge||freshwater resilience||offshore geophysics||atoll||freshwater lens||sea-level rise||small islands||sharp interface numerical modeling||climate change||recursive prediction||saltwater intrusion||Radon||submarine groundwater discharge||water resources management||flooding||groundwater storage||fish ponds||Tongatapu||extraction||monitoring||modelling||fresh groundwater volume||numerical model||atoll island||MODFLOW/SEAWAT||Nile Delta governorates||arid and semi-arid regions||time series model||hydrogeology||Libya||sea level rise||coastal aquifer||sea–aquifer relations||Tripoli||freshwater-saltwater interface||multi-layered coastal aquifer||well salinization||SGD model||Nile Delta aquifer||tidal signal||geophysics||groundwater||cation exchange||salinization||SGD||support vector machine||direct prediction||aquifer
856 _uhttps://mdpi.com/books/pdfview/book/1779
942 _cEB
999 _c28807
_d28807